Bong Joon-ho Movies - Statistics

General Stats
  • This quiz has been taken 55 times
  • The average score is 6 of 8
Answer Stats
Release Year Answer % Correct
2019 Parasite
100%
2025 Mickey 17
88%
2003 Memories of Murder
86%
2017 Okja
77%
2009 Mother
72%
2013 Snowpiercer
70%
2006 The Host
67%
2000 Barking Dogs Never Bite (Dog Bites Man)
0%
No matching quizzes found
Score Distribution
Percent of People with Each Score
Percentile by Number Answered
Your Score History
You have not taken this quiz